| 000 | 00432nam a22001697a 4500 | ||
|---|---|---|---|
| 005 | 20251108172406.0 | ||
| 008 | 250721s1977 xx 000 0 eng d | ||
| 082 | 1 | 4 | _a371.92/LAS |
| 100 | 1 | _aLuslett, Robert | |
| 245 | 1 | 0 | _aEducating Maladjusted Childern / |
| 264 | 1 |
_aLondon : _bCrosby Lockwood staples, _c1977. |
|
| 300 | _a269 p. | ||
| 650 | 1 | 7 | _aReading |
| 650 | 1 | 7 | _aRemedial Teashing |
| 942 |
_2ddc _cBK |
||
| 999 |
_c78108 _d78108 |
||